Представление документа в формате MARC21

Поле Инд. ПП Название Значение
Тип записи a
Библиографический уровень b
001 Контрольный номер RU/IS/BASE/335899516
005 Дата корректировки 20200630193209.3
008 Кодируемые данные 20100823
040 b Код языка каталог. rus
e Правила каталог. PSBO
041 0_ a Код языка текста rus
084 a Индекс другой классификации/Индекс ББК 67.400.7(2Рос); 67.404.013(2Рос)
100 1_ a Автор Бабичев И. В.
245 10 a Заглавие Органы местного самоуправления муниципального образования как публично-правовая система: некоторые вопросы институционализации
504 a Библиография Примеч. - Лит.: 6 назв.
650 a Основная рубрика гражданское право
a Основная рубрика конституционное право (государственное право)
a Основная рубрика местное самоуправление
a Основная рубрика право
653 a Ключевые слова муниципальные образования
a Ключевые слова органы местного самоуправления
a Ключевые слова правоспособность
a Ключевые слова правосубъектность
a Ключевые слова публично-правовая система
a Ключевые слова Россия
a Ключевые слова физические лица
773 08 t Заглавие источника Вестник Московского университета. Серия 11, Право
d Дата издания источника 2010
g Прочая информация № 3. - С. 65 - 81
w Контрольный № источника RU/IS/BASE/330541362
901 t Тип документа b